| 000 | 00674nam a22001697a 4500 | ||
|---|---|---|---|
| 003 | OSt | ||
| 005 | 20180224142058.0 | ||
| 008 | 161224b xxu||||| |||| 00| 0 eng d | ||
| 040 | _cमराठी | ||
| 082 | _b803 | ||
| 100 | _aभिडे, रामकृष्ण गोपाळ | ||
| 245 | _aस्वातंत्र्य दीप अथवा जगांतील असहकारिता | ||
| 260 |
_aपुणे _bअनंत सखाराम गोखले _c1924 |
||
| 300 | _a१५९ पृष्ठे | ||
| 856 | _uhttp://dspace.vpmthane.org:8080/jspui/bitstream/123456789/6352/1/803Jagaantiil-Asahakaaritaa.pdf | ||
| 942 |
_2ddc _cEBOOK |
||
| 999 |
_c1408111 _d1408108 |
||